Špecifiká bankovej sústavy Švédska

Enregistré dans:
Détails bibliographiques
Auteur principal: Malacká, Viera
Format: Chapitre de livre
Langue:slovaque
Tags: Ajouter un tag
Pas de tags, Soyez le premier à ajouter un tag!

MARC

LEADER 00000naa$a2200000$$$4500
001 0147491
005 20240502072650.0
041 0 |a slo 
044 |a SK 
245 1 0 |a Špecifiká bankovej sústavy Švédska  |c Viera Malacká 
100 1 |a Malacká, Viera